“水库”地点数量≥300的地级行政区 Prefectures with ≥300 reservoir sites - Statistics

General Stats
  • This quiz has been taken 41 times
  • The average score is 7 of 24
Answer Stats
地级行政区 数量 % Correct
北京 630
90%
重庆 1644
79%
赣州 353
46%
南京 432
44%
南宁 560
41%
九江 480
41%
深圳 1318
36%
上饶 370
28%
宁波 362
28%
泉州 360
28%
梅州 511
26%
吉安 385
26%
遵义 458
23%
惠州 318
21%
金华 506
18%
宣城 359
15%
安庆 338
15%
邵阳 312
13%
信阳 309
13%
江门 372
10%
临沂 348
10%
潍坊 320
10%
滁州 473
8%
绵阳 311
8%
No matching quizzes found
Score Distribution
Percent of People with Each Score
Percentile by Number Answered
Your Score History
You have not taken this quiz